| 000 | 02188nam a22003017a 4500 | ||
|---|---|---|---|
| 001 | 8765 | ||
| 003 | FISKH | ||
| 005 | 20251017150246.0 | ||
| 008 | 251017b cb ||||| |||| 00| 0 eng d | ||
| 020 | _a9789995001742 | ||
| 040 |
_aFISKH _bkhr _cFISKH _dFISKH |
||
| 082 | _a895.1 | ||
| 100 | _aRalin, Sok | ||
| 245 |
_aអ្នកលេងប៉ាហុី / _cអ្នកនិពន្ធ សុខ រ៉ាលីន , អ្នកវាយអត្ថបទ អ្នកស្រី ហាក់ ផាន្នី |
||
| 260 |
_aភ្នំពេញ : _bគ្រឹះស្ថានបោះពុម្ពនិងចែកផ្សាយ , _c2013. |
||
| 300 |
_a8 pages : _bcolor illustrations ; _c17*18 cm . |
||
| 490 | _aរឿងនិទានអប់រំសម្រាប់កុមារ | ||
| 505 | _aL | ||
| 520 | _aពូថេននាំចេក និង ចាន់ ដែលពាកូនទៅមើលប៉ាហុី ។ ពេលសម្តែងចប់មកដល់ផ្ទះវិញគេក៏ធ្វើតម្រាប់តាមអ្នកលេងប៉ាហុីនោះរហូតដល់មានគ្រោះថ្នាក់ ។ ពូថេនបាននាំកូនទៅពេទ្យ ពេលមកដល់ផ្ទះវិញ ចាន់បាននិយាយសុំទោសដល់ចេក ហើយក៏សន្យាឈប់លេងផ្តេសផ្តាសទៀតហើយ ។ | ||
| 520 | _aUncle Then brought Chek and Chan, who are his children, to watch a gambling performance. After the show, when they got home, they started imitating the gambler’s behavior until it led to an accident. Uncle Then took the children to the hospital. When they returned home, Chan apologized to Chek and promised to stop being reckless from then on. | ||
| 521 | 8 |
_a530
_bLexile estimate |
|
| 521 | 8 |
_aL
_bRaz-Plus |
|
| 650 |
_aអ្នកលេងប៉ាហុី _vរឿងនិទានកុមារ |
||
| 650 |
_aThe gambler _vChildren's Stories |
||
| 700 |
_aSok Im , Hourl _eIllustrator |
||
| 942 |
_2ddc _cKHB _n0 |
||
| 999 |
_c8765 _d8765 |
||